Fr. Conceicao Rodrigues College of Engineering

Novell Linux Desktop 9:Users Handbook (Record no. 21013)

MARC details
000 -LEADER
fixed length control field 00329nam a2200157Ia 4500
082 ## - DEWEY DECIMAL CLASSIFICATION NUMBER
Classification number 5.133
Item number HAB
100 ## - MAIN ENTRY--PERSONAL NAME
Personal name Habraken/Joe
245 ## - TITLE STATEMENT
Title Novell Linux Desktop 9:Users Handbook
260 ## - PUBLICATION, DISTRIBUTION, ETC.
Name of publisher, distributor, etc. Novell
Date of publication, distribution, etc. 2006
366 ## - TRADE AVAILABILITY INFORMATION
Publishers's discount category 25
300 ## - PHYSICAL DESCRIPTION
Extent 435
546 ## - LANGUAGE NOTE
Language note ENGLISH
650 ## - SUBJECT ADDED ENTRY--TOPICAL TERM
Topical term or geographic name entry element Linux
654 ## - SUBJECT ADDED ENTRY--FACETED TOPICAL TERMS
Focus term novell linux
942 ## - ADDED ENTRY ELEMENTS (KOHA)
Koha item type BOOK
Holdings
Withdrawn status Lost status Damaged status Not for loan Collection Home library Current library Date acquired Source of acquisition Cost, normal purchase price Inventory number Total Checkouts Full call number Barcode Date last seen Cost, replacement price Price effective from Koha item type
        CRC Fr. Agnel's C.Rodrigues College of Engineering Fr. Agnel's C.Rodrigues College of Engineering 17/03/2023 Dharma Enterprises 374.25 1845 dt 24/08/2009   5.133 HAB 20013 17/03/2023 499.00   BOOK
        CRC Fr. Agnel's C.Rodrigues College of Engineering Fr. Agnel's C.Rodrigues College of Engineering 17/03/2023 Dharma Enterprises 374.25 1845 dt 24/08/2009   5.133 HAB 20014 17/03/2023 499.00   BOOK